000 00789nac a22001931u 4500
020 _a0131277669 (pbk.)
082 _a621.3822
_bK9668
090 _c895
_d895
100 _aKuo, Sen M.
245 _aDigital signal processors :
_barchitectures, implementations, and applications /
_cSen M. Kuo, Woon-Seng Gan.
250 _aInternational edition.
260 _aLondon :
_bPearson Prentice Hall,
_c2004.
300 _axi, 601 p. :
_bill. ;
_c 24cm +
_e1 CD-ROM.
504 _aIncludes bibliographical references and index.
650 _aSignal processing
_xDigital techniques.
700 _aGan, Woon-Seng.
942 _cBB
_k621.3822K9668
999 _c895
_d895